Preparing nurses for disaster management / (Record no. 7827)
[ view plain ]
| 000 -LEADER | |
|---|---|
| fixed length control field | 01581cam a22001814a 4500 |
| 020 ## - INTERNATIONAL STANDARD BOOK NUMBER | |
| ISBN | 0131780697 |
| 050 00 - CALL NUMBER | |
| Classification number | RT108 |
| Item number | .L365 |
| 100 1# - AUTHOR | |
| Personal name | Langan, Joanne C. |
| 245 10 - TITLE | |
| Title | Preparing nurses for disaster management / |
| Statement of responsibility, etc | Joanne C. Langan, Dotti C. James. |
| 260 ## - PUBLICATION INFORMATION | |
| Place of publication | Upper Saddle River, N.J. : |
| Name of publisher | Pearson Prentice Hall, |
| Year of publication | c2005. |
| 300 ## - DESCRIPTION | |
| Number of Pages | xvii, 254 p. : |
| Other physical details | ill. ; |
| Dimensions | 28 cm. |
| 505 0# - FORMATTED CONTENTS NOTE | |
| Table of Content | Disasters: a basic overview / Joanne C. Langan -- Planning for disasters / Joanne C. Langan, Julie Benbenishty -- Organization and implementation of the disaster response / Dotti C.James -- Promoting mental health: predisaster and postdisaster / Dorcas E. McLaughlin, Ruth B. Murray, Julie Benbenishty -- Preparing nursing administrators, faculty, and students for disasters / Joanne C. Langan, Vered Kater, Ayala Aharoni -- Preparing staff and inactive registered nurses to manage casualties / Dotti C. James ... [et al.] -- Management and preparation for battlefield casualties / Michelle R. Mandy -- Preparing community health nurses and nurses in ambulatory health centers / Dotti C. James -- Considerations for vulnerable populations / Joanne C. Langan, Dotti C. James -- Preparing nurses to plan and care for children during disaster situations / Nina K. Westhus, Diana Fendya, Vered Kater -- The role of the infection control nurse in disaster preparedness / Terri Rebmann -- Disaster as the personal experience / Joanne C. Langan, Vered Kater. |
| 650 #0 - SUBJECTS | |
| Topical Term | Disaster nursing. |
| 650 12 - SUBJECTS | |
| Topical Term | Disaster Planning. |
| 650 12 - SUBJECTS | |
| Topical Term | Nursing Process. |
| 700 1# - OTHER AUTHORS | |
| Personal name | James, Dotti C. |
| 942 ## - ADDED ENTRY ELEMENTS (KOHA) | |
| Koha item type | Books |
| Withdrawn status | Lost status | Home library | Current library | Date acquired | Full call number | Accession Number | Koha item type |
|---|---|---|---|---|---|---|---|
| Methodist University Library Wenchi Nursing | Methodist University Library Wenchi Nursing | 07/10/2021 | RT108 .L365 | 37258 | Books |